Restructuring government (Record no. 486463)

000 -LEADER
fixed length control field 00425cam a22001337a 4500
008 - FIXED-LENGTH DATA ELEMENTS--GENERAL INFORMATION
fixed length control field 180718b1998 xxu||||| |||| 00| 0 eng d
082 ## - DEWEY DECIMAL CLASSIFICATION NUMBER
Classification number B3 G959
245 ## - TITLE STATEMENT
Title Restructuring government
Statement of responsibility, etc. edited by M.C. Gupta and R.K. Tiwari
260 ## - PUBLICATION, DISTRIBUTION, ETC.
Place of publication, distribution, etc. New Delhi
Name of publisher, distributor, etc. Indian Institute of Public Administration
Date of publication, distribution, etc. 1998
300 ## - PHYSICAL DESCRIPTION
Extent 241p.
650 ## - SUBJECT ADDED ENTRY--TOPICAL TERM
Topical term or geographic name entry element Public administration --India --Congresses
700 ## - ADDED ENTRY--PERSONAL NAME
Personal name Tiwari, R.K.
700 ## - ADDED ENTRY--PERSONAL NAME
Personal name Gupta, M.C.
Holdings
Withdrawn status Lost status Damaged status Not for loan Permanent Location Current Location Date acquired Full call number Barcode Date last seen Price effective from Koha item type Total Checkouts Date last checked out
        Indian Institute of Public Administration Indian Institute of Public Administration 2018-08-04 B3 G959 GR14868 2018-08-04 2018-08-04 GR    
        Indian Institute of Public Administration Indian Institute of Public Administration 2018-08-04 B3 G959 GR14867 2018-08-04 2018-08-04 GR    
        Indian Institute of Public Administration Indian Institute of Public Administration 2018-08-04 B3 G959 GR14866 2022-06-29 2018-08-04 GR 1 2021-09-16
        Indian Institute of Public Administration Indian Institute of Public Administration 2018-08-04 B3 G959 GR14865 2018-08-04 2018-08-04 GR    

Powered by Koha